000 01044nam a22002777a 4500
003 DO-SdBPM
005 20251124084458.0
008 161212b1999 sp |||| 00| 0 spa d
020 _a9788434862944
040 _aDO-SdBPM
_bspa
_cBPMSU
_erda
082 4 _a372.66
_bG643c 1999
_222
100 1 _aGonzález Torices, José
_eautor
_4aut.
245 1 _aCuatro estaciones :
_bteatro para niños /
_cJosé González Torices ; ilustraciones Carmen Lucini
250 _a2a ed.
264 _aMadrid :
_bEdiciones S. M.,
_c1999.
300 _a268 páginas :
_bilustraciones,
_c28 cm.
336 _atexto
_btxt
_2rdacontent
337 _asin mediación
_bn
_2rdamedia
338 _avolumen
_bnc
_2rdacarrier
490 0 _aPara padres y maestros
500 _a3er Premio nacional al libro mejor editado en el año 1998 en la modalidad infantil y juvenil.
650 7 _aTeatro escolar e infantil español
_x Argumentos, tramas, etc..
700 1 _aLucini, Carmen,
_eilustración
910 _aVMateo V. Control de calidad. BPMSU
942 _2ddc
_cBK
999 _c12390
_d12390